Skylanders: Spyro's Adventure - Statistiques

Statistiques générales
  • Ce quiz a été pris 129 fois
  • Le résultat moyen est 29 sur 32
Statistiques - réponses
Question Réponse % Correct
Qui est Spyro ?
100%
Qui est Wrecking Ball ?
95%
Qui est Prism Break ?
95%
Qui est Trigger Happy ?
95%
Qui est Boomer ?
95%
Qui est Zook ?
95%
Qui est Stealth Elf ?
95%
Qui est Lightning Rod ?
95%
Qui est Zap ?
95%
Qui est Flameslinger ?
95%
Qui est Eruptor ?
95%
Qui est Chop Chop ?
93%
Qui est Ghost Roaster ?
93%
Qui est Drobot ?
93%
Qui est Drill Sergeant ?
93%
Qui est Camo ?
93%
Qui est Sonic Boom ?
93%
Qui est Gill Grunt ?
93%
Qui est Cynder ?
91%
Qui est Stump Smash ?
91%
Qui est Slam Bam ?
91%
Qui est Hex ?
88%
Qui est Ignitor ?
88%
Qui est Sunburn ?
88%
Qui est Bash ?
86%
Qui est Terrafin ?
86%
Qui est Dino-Rang ?
86%
Qui est Warnado ?
86%
Qui est Whirlwhind ?
84%
Qui est Wham Shell ?
84%
Qui est Voodood ?
70%
Qui est Double Trouble ?
70%
Aucun quiz correspondant
Distribution des résultats
% des personnes avec chaque résultat
Percentile par nombre de réponses
Votre historique - résultats
Vous n’avez pas pris ce quiz